What is the what : (Record no. 55728)
[ view plain ]
| 000 -LEADER | |
|---|---|
| fixed length control field | 01431cam a2200385 a 4500 |
| 001 - CONTROL NUMBER | |
| control field | 14879588 |
| 003 - CONTROL NUMBER IDENTIFIER | |
| control field | OSt |
| 005 - DATE AND TIME OF LATEST TRANSACTION | |
| control field | 20140821020003.0 |
| 008 - FIXED-LENGTH DATA ELEMENTS--GENERAL INFORMATION | |
| fixed length control field | 070605s2006 caub 000 1 eng d |
| 010 ## - LIBRARY OF CONGRESS CONTROL NUMBER | |
| LC control number | 2007276445 |
| 020 ## - INTERNATIONAL STANDARD BOOK NUMBER | |
| International Standard Book Number | 1932416641 |
| 020 ## - INTERNATIONAL STANDARD BOOK NUMBER | |
| International Standard Book Number | 9781932416640 |
| 035 ## - SYSTEM CONTROL NUMBER | |
| System control number | (OCoLC)ocm75428313 |
| 040 ## - CATALOGING SOURCE | |
| Original cataloging agency | IWA |
| Transcribing agency | IWA |
| Modifying agency | IWA |
| -- | BAKER |
| -- | DIV |
| -- | NPL |
| -- | YDXCP |
| -- | VP@ |
| -- | BTCTA |
| -- | DLC |
| 042 ## - AUTHENTICATION CODE | |
| Authentication code | lccopycat |
| 043 ## - GEOGRAPHIC AREA CODE | |
| Geographic area code | f-sj--- |
| -- | n-us--- |
| 050 00 - LIBRARY OF CONGRESS CALL NUMBER | |
| Classification number | PS3605.G48 |
| Item number | W43 2006 |
| 082 00 - DEWEY DECIMAL CLASSIFICATION NUMBER | |
| Classification number | 813/.6 |
| Edition number | 22 |
| 100 1# - MAIN ENTRY--PERSONAL NAME | |
| Personal name | Eggers, Dave. |
| 9 (RLIN) | 20110 |
| 245 10 - TITLE STATEMENT | |
| Title | What is the what : |
| Remainder of title | the autobiography of Valentino Achak Deng : a novel / |
| Statement of responsibility, etc | Dave Eggers. |
| 246 3# - VARYING FORM OF TITLE | |
| Title proper/short title | Autobiography of Valentino Achak Deng |
| 260 ## - PUBLICATION, DISTRIBUTION, ETC. (IMPRINT) | |
| Place of publication, distribution, etc | San Francisco : |
| Name of publisher, distributor, etc | McSweeney's, |
| Date of publication, distribution, etc | c2006. |
| 300 ## - PHYSICAL DESCRIPTION | |
| Extent | 475 p. : |
| Other physical details | map ; |
| Dimensions | 24 cm. |
| 600 10 - SUBJECT ADDED ENTRY--PERSONAL NAME | |
| Personal name | Deng, Valentino Achak |
| Form subdivision | Fiction. |
| 9 (RLIN) | 20111 |
| 650 #0 - SUBJECT ADDED ENTRY--TOPICAL TERM | |
| Topical term or geographic name as entry element | Sudanese |
| Geographic subdivision | United States |
| Form subdivision | Fiction. |
| 9 (RLIN) | 20112 |
| 650 #0 - SUBJECT ADDED ENTRY--TOPICAL TERM | |
| Topical term or geographic name as entry element | Refugees |
| Geographic subdivision | Sudan |
| Form subdivision | Fiction. |
| 9 (RLIN) | 20113 |
| 650 #0 - SUBJECT ADDED ENTRY--TOPICAL TERM | |
| Topical term or geographic name as entry element | Refugees |
| Geographic subdivision | United States |
| Form subdivision | Fiction. |
| 9 (RLIN) | 20114 |
| 650 #0 - SUBJECT ADDED ENTRY--TOPICAL TERM | |
| Topical term or geographic name as entry element | Sudanese |
| Geographic subdivision | United States |
| Form subdivision | Fiction. |
| 9 (RLIN) | 20115 |
| 651 #0 - SUBJECT ADDED ENTRY--GEOGRAPHIC NAME | |
| Geographic name | Sudan |
| General subdivision | History |
| Chronological subdivision | Civil War, 1983-2005 |
| Form subdivision | Fiction. |
| 9 (RLIN) | 20116 |
| 655 #7 - INDEX TERM--GENRE/FORM | |
| Genre/form data or focus term | Biographical fiction. |
| Source of term | gsafd |
| 9 (RLIN) | 20117 |
| 856 42 - ELECTRONIC LOCATION AND ACCESS | |
| Materials specified | Publisher description |
| Uniform Resource Identifier | <a href="http://www.loc.gov/catdir/enhancements/fy0738/2007276445-d.html">http://www.loc.gov/catdir/enhancements/fy0738/2007276445-d.html</a> |
| 906 ## - LOCAL DATA ELEMENT F, LDF (RLIN) | |
| a | 7 |
| b | cbc |
| c | copycat |
| d | 2 |
| e | ncip |
| f | 20 |
| g | y-gencatlg |
| 942 ## - ADDED ENTRY ELEMENTS (KOHA) | |
| Source of classification or shelving scheme | Library of Congress Classification |
| Koha item type | Books |
| Koha issues (borrowed), all copies | 1 |
| Withdrawn status | Lost status | Source of classification or shelving scheme | Damaged status | Not for loan | Collection code | Home library | Current library | Shelving location | Date acquired | Source of acquisition | Cost, normal purchase price | Total Checkouts | Full call number | Barcode | Date last seen | Date checked out | Copy number | Price effective from | Koha item type |
|---|---|---|---|---|---|---|---|---|---|---|---|---|---|---|---|---|---|---|---|
| Library of Congress Classification | Biographies | AIU/NEGST - Tony Wilmot Memorial Library | AIU/NEGST - Tony Wilmot Memorial Library | Biographies | 01/14/2013 | Donation | 15.95 | 1 | BIO PS 3605.G48W43 2006 | R59421A3232 | 09/29/2019 | 08/20/2014 | 1 | 01/14/2013 | Books |
